|
|
|
|
| LEADER |
01000cam a2200265 c 4500 |
| 001 |
024138002 |
| 003 |
DE-627 |
| 005 |
20260420180855.0 |
| 007 |
tu |
| 008 |
890112s1988 gw ||||| m 00| ||eng c |
| 016 |
7 |
|
|a 880968311
|2 DE-101
|
| 020 |
|
|
|a 3515050051
|9 3-515-05005-1
|
| 035 |
|
|
|a (DE-627)024138002
|
| 035 |
|
|
|a (DE-576)014075865
|
| 035 |
|
|
|a (DE-599)GBV024138002
|
| 035 |
|
|
|a (OCoLC)1333398709
|
| 035 |
|
|
|a (OCoLC)19083128
|
| 035 |
|
|
|a (AT-OBV)AC00008891
|
| 035 |
|
|
|a (DE-604)801280794x
|
| 040 |
|
|
|a DE-627
|b ger
|c DE-627
|e rakwb
|
| 041 |
|
|
|a eng
|
| 044 |
|
|
|c XA-DE
|
| 082 |
0 |
|
|a 337.4322
|
| 082 |
0 |
|
|a 337.43
|q OCLC
|
| 084 |
|
|
|a 65
|2 sdnb
|
| 084 |
|
|
|a NQ 2462
|2 rvk
|0 (DE-625)rvk/128268:
|
| 084 |
|
|
|a 15.43
|2 bkl
|
| 100 |
1 |
|
|8 1\p
|a Grenzebach, William S.
|d 1945-
|e verfasserin
|0 (DE-588)1235775585
|0 (DE-627)1760857815
|4 aut
|
| 245 |
1 |
0 |
|a Germany's informal empire in East-central Europe
|b German economic policy toward Yugoslavia and Rumania : 1933 - 1939
|c by William S. Grenzebach
|
| 264 |
|
1 |
|a Stuttgart [u.a.]
|b Steiner
|c 1988
|
| 300 |
|
|
|a IX, 269 S
|b graph. Darst
|
| 336 |
|
|
|a Text
|b txt
|2 rdacontent
|
| 337 |
|
|
|a ohne Hilfsmittel zu benutzen
|b n
|2 rdamedia
|
| 338 |
|
|
|a Band
|b nc
|2 rdacarrier
|
| 490 |
1 |
|
|a Veröffentlichungen des Instituts für Europäische Geschichte Mainz
|v 128
|a Abteilung Universalgeschichte
|
| 500 |
|
|
|a Literaturverz. S. 244 - 269
|
| 502 |
|
|
|a Teilw zugl.: Waltham, Mass., Univ., Diss., 1978
|
| 583 |
1 |
|
|a Archivierung/Langzeitarchivierung gewährleistet
|f PEBW
|x XA-DE-BW
|2 pdager
|5 DE-24
|
| 648 |
|
7 |
|8 1.5\x
|a 1933-1939
|2 stw
|
| 650 |
|
7 |
|8 1.1\x
|a Internationale Wirtschaftsbeziehungen
|0 (DE-627)091368464
|0 (DE-2867)10617-2
|2 stw
|
| 650 |
|
7 |
|8 1.2\x
|a Deutschland (bis 1945)
|0 (DE-627)091420334
|0 (DE-2867)16834-6
|2 stw
|
| 650 |
|
7 |
|8 1.3\x
|a Jugoslawien (bis 1990)
|0 (DE-627)091369509
|0 (DE-2867)17176-6
|2 stw
|
| 650 |
|
7 |
|8 1.4\x
|a Rumänien
|0 (DE-627)091387248
|0 (DE-2867)17177-4
|2 stw
|
| 655 |
|
7 |
|a Hochschulschrift
|0 (DE-588)4113937-9
|0 (DE-627)105825778
|0 (DE-576)209480580
|2 gnd-content
|
| 689 |
0 |
0 |
|D g
|0 (DE-588)4011882-4
|0 (DE-627)104704861
|0 (DE-576)208896155
|a Deutschland
|2 gnd
|
| 689 |
0 |
1 |
|D s
|0 (DE-588)4003841-5
|0 (DE-627)106388495
|0 (DE-576)208852948
|a Außenhandelspolitik
|2 gnd
|
| 689 |
0 |
2 |
|D s
|0 (DE-588)4026651-5
|0 (DE-627)106287427
|0 (DE-576)208967435
|a Imperialismus
|2 gnd
|
| 689 |
0 |
3 |
|D g
|0 (DE-588)4028966-7
|0 (DE-627)104585072
|0 (DE-576)208980288
|a Jugoslawien
|2 gnd
|
| 689 |
0 |
4 |
|A z
|2 gnd
|a Geschichte 1933-1939
|
| 689 |
0 |
|
|5 DE-101
|
| 689 |
1 |
0 |
|D g
|0 (DE-588)4011882-4
|0 (DE-627)104704861
|0 (DE-576)208896155
|a Deutschland
|2 gnd
|
| 689 |
1 |
1 |
|D s
|0 (DE-588)4003841-5
|0 (DE-627)106388495
|0 (DE-576)208852948
|a Außenhandelspolitik
|2 gnd
|
| 689 |
1 |
2 |
|D s
|0 (DE-588)4026651-5
|0 (DE-627)106287427
|0 (DE-576)208967435
|a Imperialismus
|2 gnd
|
| 689 |
1 |
3 |
|D g
|0 (DE-588)4050939-4
|0 (DE-627)778808769
|0 (DE-576)20909057X
|a Rumänien
|2 gnd
|
| 689 |
1 |
4 |
|A z
|2 gnd
|a Geschichte 1933-1939
|
| 689 |
1 |
|
|5 DE-101
|
| 751 |
|
|
|a Waltham, Mass.
|0 (DE-588)4118980-2
|0 (DE-627)703017691
|0 (DE-576)209522658
|4 uvp
|
| 810 |
2 |
|
|a Institut für Europäische Geschichte
|t Veröffentlichungen des Instituts für Europäische Geschichte Mainz
|v 128 : Abteilung Universalgeschichte
|9 128
|w (DE-627)129441007
|w (DE-576)000313572
|w (DE-600)194921-4
|x 0537-7919
|7 am
|
| 856 |
4 |
2 |
|u https://external.dandelon.com/download/attachments/dandelon/ids/DE0133A2D754023E323E9C1257B6700380EBE.pdf
|m V:DE-601
|m X:AGI
|q pdf/application
|v 2019-02-01
|x Verlag
|3 Inhaltsverzeichnis
|
| 883 |
|
|
|8 1\p
|a cgwrk
|d 20241001
|q DE-101
|u https://d-nb.info/provenance/plan#cgwrk
|
| 912 |
|
|
|a GBV_ILN_11
|
| 912 |
|
|
|a ISIL_DE-1a
|
| 912 |
|
|
|a SYSFLAG_1
|
| 912 |
|
|
|a GBV_KXP
|
| 912 |
|
|
|a SSG-OPC-ANG
|
| 912 |
|
|
|a GBV_ILN_20
|
| 912 |
|
|
|a ISIL_DE-84
|
| 912 |
|
|
|a GBV_ILN_22
|
| 912 |
|
|
|a ISIL_DE-18
|
| 912 |
|
|
|a GBV_ILN_23
|
| 912 |
|
|
|a ISIL_DE-830
|
| 912 |
|
|
|a GBV_ILN_24
|
| 912 |
|
|
|a ISIL_DE-8
|
| 912 |
|
|
|a GBV_ILN_26
|
| 912 |
|
|
|a ISIL_DE-206
|
| 912 |
|
|
|a GBV_ILN_39
|
| 912 |
|
|
|a ISIL_DE-547
|
| 912 |
|
|
|a GBV_ILN_40
|
| 912 |
|
|
|a ISIL_DE-7
|
| 912 |
|
|
|a GBV_ILN_40_i148
|
| 912 |
|
|
|a GBV_ILN_40_i053
|
| 912 |
|
|
|a GBV_ILN_50
|
| 912 |
|
|
|a ISIL_DE-23
|
| 912 |
|
|
|a GBV_ILN_60
|
| 912 |
|
|
|a ISIL_DE-705
|
| 912 |
|
|
|a GBV_ILN_65
|
| 912 |
|
|
|a ISIL_DE-3
|
| 912 |
|
|
|a GBV_ILN_65_a018
|
| 912 |
|
|
|a GBV_ILN_70
|
| 912 |
|
|
|a ISIL_DE-89
|
| 912 |
|
|
|a GBV_ILN_72
|
| 912 |
|
|
|a ISIL_DE-35
|
| 912 |
|
|
|a GBV_ILN_227
|
| 912 |
|
|
|a ISIL_DE-56
|
| 912 |
|
|
|a GBV_ILN_350
|
| 912 |
|
|
|a ISIL_DE-2795
|
| 912 |
|
|
|a GBV_ILN_350_
|
| 912 |
|
|
|a GBV_ILN_2001
|
| 912 |
|
|
|a ISIL_DE-21
|
| 912 |
|
|
|a GBV_ILN_2002
|
| 912 |
|
|
|a ISIL_DE-21-106
|
| 912 |
|
|
|a GBV_ILN_2003
|
| 912 |
|
|
|a ISIL_DE-25
|
| 912 |
|
|
|a GBV_ILN_2004
|
| 912 |
|
|
|a ISIL_DE-25-31b
|
| 912 |
|
|
|a GBV_ILN_2005
|
| 912 |
|
|
|a ISIL_DE-291
|
| 912 |
|
|
|a ISIL_DE-291-313
|
| 912 |
|
|
|a GBV_ILN_2006
|
| 912 |
|
|
|a ISIL_DE-14
|
| 912 |
|
|
|a GBV_ILN_2007
|
| 912 |
|
|
|a ISIL_DE-352
|
| 912 |
|
|
|a GBV_ILN_2008
|
| 912 |
|
|
|a ISIL_DE-24
|
| 912 |
|
|
|a GBV_ILN_2009
|
| 912 |
|
|
|a ISIL_DE-180
|
| 912 |
|
|
|a GBV_ILN_2010
|
| 912 |
|
|
|a ISIL_DE-15
|
| 912 |
|
|
|a GBV_ILN_2011
|
| 912 |
|
|
|a ISIL_DE-16
|
| 912 |
|
|
|a GBV_ILN_2014
|
| 912 |
|
|
|a ISIL_DE-90
|
| 912 |
|
|
|a GBV_ILN_2018
|
| 912 |
|
|
|a ISIL_DE-31
|
| 912 |
|
|
|a GBV_ILN_2040
|
| 912 |
|
|
|a ISIL_DE-212
|
| 912 |
|
|
|a GBV_ILN_2168
|
| 912 |
|
|
|a ISIL_DE-He205
|
| 912 |
|
|
|a GBV_ILN_2453
|
| 912 |
|
|
|a ISIL_DE-L327
|
| 935 |
|
|
|i Blocktest
|
| 936 |
r |
v |
|a NQ 2462
|b Balkanstaaten (Südosteuropa)
|k Geschichte
|k Geschichte seit 1918
|k Drittes Reich
|k Außenpolitik
|k Balkanstaaten (Südosteuropa)
|0 (DE-627)1271470926
|0 (DE-625)rvk/128268:
|0 (DE-576)201470926
|
| 936 |
b |
k |
|a 15.43
|j Deutsche Geschichte des 19. Jahrhunderts bis zur Gegenwart
|0 (DE-627)181569701
|
| 951 |
|
|
|a BO
|
| 953 |
|
|
|2 045F
|a 337.4322
|u https://www.gbv.de/dms/ddc/337.4322.pdf
|
| 953 |
|
|
|2 045F
|a 337.43
|u https://www.gbv.de/dms/ddc/337.43.pdf
|
| 980 |
|
|
|2 11
|1 01
|x 0001
|b 021452768
|c 00
|f 2
|d 1 A 9449
|e u
|j --%%--
|y r
|z 10-01-89
|
| 980 |
|
|
|2 20
|1 01
|x 0084
|b 029880807
|c 00
|f --%%--
|d 2674-7059
|e --%%--
|j --%%--
|y n
|z 30-03-89
|
| 980 |
|
|
|2 22
|1 01
|x 0018
|b 083065857
|c 00
|f SUB
|d A 1989/438
|e u
|j --%%--
|y zu
|z 20-02-95
|
| 980 |
|
|
|2 23
|1 01
|x 0830
|b 162225385
|c 00
|f 24
|d 2489-5806
|e u
|j --%%--
|y zu
|z 20-02-95
|
| 980 |
|
|
|2 24
|1 01
|x 0008
|b 094826382
|c 00
|f 10 gsf 970
|d P 1029-128
|e u
|j --%%--
|h hb
|y zz1
|z 20-02-95
|
| 980 |
|
|
|2 26
|1 01
|x 0206
|b 32341558X
|c 00
|f K:
|d C 157899
|e u
|j --%%--
|y r1k
|z 05-09-98
|
| 980 |
|
|
|2 39
|1 01
|x 0547
|b 181584506
|c 00
|f LS
|d NQ 2462 G828
|e b
|j --%%--
|y ze
|z 26-02-97
|
| 980 |
|
|
|2 40
|1 01
|x 0007
|b 029880777
|c 00
|f --%%--
|d 4 Z HIST 646:128
|e u
|j --%%--
|y nsn
|z 13-01-89
|
| 980 |
|
|
|2 40
|1 02
|x 7/148
|b 029880823
|c 00
|f BBWISO
|d 16 : D 7303.2 Gre
|e i
|j --%%--
|y ri148
|z 01-03-04
|
| 980 |
|
|
|2 40
|1 03
|x 0007
|b 624881342
|c 00
|f BBK-HIST
|d C VII 4044
|e i
|j --%%--
|y ri053
|z 02-12-03
|
| 980 |
|
|
|2 50
|1 01
|x 0023
|b 029880785
|c 00
|f --%%--
|d F8° 2702:128
|e u
|j --%%--
|y n
|z 31-03-89
|
| 980 |
|
|
|2 60
|1 01
|x 0705
|b 029880815
|c 00
|f WOW
|d POL 666 4JA:U0001
|e u
|j --%%--
|y n
|z 01-01-92
|
| 980 |
|
|
|2 65
|1 01
|x 3/18
|b 142649317
|c 00
|f Ha 18-18
|d G XI Cd 3520
|e i
|j --%%--
|y ra018
|z 27-08-98
|
| 980 |
|
|
|2 65
|1 02
|x 3/18
|b 160854865
|c 00
|f Ha 18-18
|d G VI CF 7001
|e u
|j --%%--
|y za018
|z 08-11-95
|
| 980 |
|
|
|2 70
|1 80
|x 89/19
|b 671556126
|c 00
|f FBSBB
|d Hist 9627/6540
|e i
|j --%%--
|y ksg
|z 08-03-05
|
| 980 |
|
|
|2 72
|1 01
|x 0035
|b 029880793
|c 00
|f ZEN
|d 89/385
|e u
|j --%%--
|y nz
|z 04-08-89
|
| 980 |
|
|
|2 227
|1 01
|x 0056
|b 304611174
|c 00
|f --%%--
|d I 109-540
|e u
|j --%%--
|y x
|z 16-10-98
|
| 980 |
|
|
|2 350
|1 01
|x 8293
|b 098368613
|c 00
|f LESESAAL
|d Cgd 1032
|e i
|j --%%--
|y n
|z 09-02-05
|
| 980 |
|
|
|2 2001
|1 01
|x DE-21
|b 329118534X
|c 00
|f --%%--
|d 28 A 21105
|e --%%--
|j --%%--
|y l01
|z 16-03-89
|
| 980 |
|
|
|2 2002
|1 01
|x DE-21-106
|b 3291185439
|c 00
|f --%%--
|d L VIII Gre W
|e p
|j --%%--
|y l01
|z 25-02-10
|
| 980 |
|
|
|2 2003
|1 01
|x DE-25
|b 3291185471
|c 00
|f --%%--
|d GE 88/10958
|e --%%--
|j --%%--
|y l01
|z 08-02-93
|
| 980 |
|
|
|2 2004
|1 01
|x DE-25-31b
|b 3291185552
|c 00
|f --%%--
|d Frei 31b: XXIV h 29
|e p
|j --%%--
|c 01
|f --%%--
|d Bereich Osteuropäische Geschichte
|e --%%--
|j --%%--
|c 09
|f --%%--
|d Frei 31c: XXIV h 29
|e p
|j --%%--
|y l01
|z 24-06-04
|
| 980 |
|
|
|2 2005
|1 01
|x DE-291
|b 3291185595
|c 00
|f --%%--
|d 91-1697
|e --%%--
|j --%%--
|y l01
|z 30-12-98
|
| 980 |
|
|
|2 2005
|1 02
|x DE-291-313
|b 3291185617
|c 00
|f --%%--
|d O9 1180/1
|e p
|j --%%--
|y l01
|z 27-10-98
|
| 980 |
|
|
|2 2006
|1 01
|x DE-14
|b 3291185684
|c 00
|f --%%--
|d 95 8 46266
|e --%%--
|j --%%--
|k LSTO: 02
|y l01
|z 09-08-95
|
| 980 |
|
|
|2 2007
|1 01
|x DE-352
|b 3291185757
|c 00
|f --%%--
|d wrg 60.10/t88
|e --%%--
|j --%%--
|y l01
|z 17-05-88
|
| 980 |
|
|
|2 2008
|1 01
|x DE-24
|b 3291185811
|c 00
|f --%%--
|d 38/22907
|e --%%--
|j --%%--
|y l01
|z 07-09-89
|
| 980 |
|
|
|2 2009
|1 01
|x DE-180
|b 3291185889
|c 00
|f AUS02
|d NE 0565
|e --%%--
|j l
|y l02
|z 31-03-16
|
| 980 |
|
|
|2 2010
|1 01
|x DE-15
|b 3291185943
|c 00
|f --%%--
|d --%%--
|e --%%--
|j --%%--
|y l01
|z 08-09-00
|
| 980 |
|
|
|2 2011
|1 01
|x DE-16
|b 3291186036
|c 00
|f --%%--
|d 89 A 230
|e --%%--
|j --%%--
|y l01
|z 12-04-89
|
| 980 |
|
|
|2 2014
|1 01
|x DE-90
|b 3291186109
|c 00
|f --%%--
|d 2004 A 2327
|e --%%--
|j --%%--
|y l01
|z 27-01-04
|
| 980 |
|
|
|2 2018
|1 01
|x DE-31
|b 3291186133
|c 00
|f --%%--
|d --%%--
|e --%%--
|j --%%--
|k 18.10.90/hg
|y l01
|z 18-10-90
|
| 980 |
|
|
|2 2040
|1 01
|x DE-212
|b 3291186230
|c 00
|f --%%--
|d 9/566
|e --%%--
|j --%%--
|y l01
|z 06-05-02
|
| 980 |
|
|
|2 2168
|1 01
|x DE-He205
|b 3291186311
|c 00
|f --%%--
|d <FE> L 2500
|e --%%--
|j --%%--
|y l01
|z 27-11-91
|
| 980 |
|
|
|2 2453
|1 01
|x DE-L327
|b 3291186362
|c 00
|f --%%--
|d VII/46
|e p
|j n
|k Bibliogr.: S. [244]-269
|y l01
|z 03-06-13
|
| 982 |
|
|
|2 22
|1 01
|x 0018
|8 00
|0 (DE-627)051327821
|a Drittes Reich: Auswärtige Wirtschaftspolitik '(betr.)' Rumänien
|
| 982 |
|
|
|2 22
|1 01
|x 0018
|8 01
|0 (DE-627)051868628
|a Drittes Reich: Auswärtige Wirtschaftspolitik '(betr.)' Jugoslawien
|
| 982 |
|
|
|2 24
|1 01
|x 0008
|8 00
|a Deutschland
|
| 982 |
|
|
|2 24
|1 01
|x 0008
|8 00
|a Handel
|
| 982 |
|
|
|2 24
|1 01
|x 0008
|8 00
|a Jugoslawien
|
| 982 |
|
|
|2 24
|1 01
|x 0008
|8 00
|a Geschichte 1933-1939
|
| 982 |
|
|
|2 24
|1 01
|x 0008
|8 01
|a Deutschland
|
| 982 |
|
|
|2 24
|1 01
|x 0008
|8 01
|a Handel
|
| 982 |
|
|
|2 24
|1 01
|x 0008
|8 01
|a Rumänien
|
| 982 |
|
|
|2 24
|1 01
|x 0008
|8 01
|a Geschichte 1933-1939
|
| 982 |
|
|
|2 26
|1 00
|x DE-206
|8 09
|a 12*21*13*31*14*41
|
| 982 |
|
|
|2 350
|1 01
|x 8293
|8 00
|a Deutschland
|
| 982 |
|
|
|2 350
|1 01
|x 8293
|8 00
|a Außenwirtschaftspolitik
|
| 982 |
|
|
|2 350
|1 01
|x 8293
|8 00
|a Jugoslawien
|
| 982 |
|
|
|2 350
|1 01
|x 8293
|8 00
|a 1933-1939
|
| 982 |
|
|
|2 350
|1 01
|x 8293
|8 00
|a Rumänien
|
| 982 |
|
|
|2 2002
|1 01
|x DE-21-106
|8 00
|s s
|a Handelsbeziehungen
|
| 982 |
|
|
|2 2002
|1 01
|x DE-21-106
|8 01
|s s
|a Deutsch-jugoslawische Beziehungen
|
| 982 |
|
|
|2 2002
|1 01
|x DE-21-106
|8 02
|s s
|a Deutsch-rumänische Beziehungen
|
| 982 |
|
|
|2 2002
|1 01
|x DE-21-106
|8 03
|s s
|a Wirtschaftspolitik
|
| 982 |
|
|
|2 2002
|1 01
|x DE-21-106
|8 04
|s s
|a Nationalsozialismus
|
| 982 |
|
|
|2 2002
|1 01
|x DE-21-106
|8 05
|s s
|a Handelspolitik
|
| 982 |
|
|
|2 2002
|1 01
|x DE-21-106
|8 06
|s s
|a Außenpolitik
|
| 982 |
|
|
|2 2453
|1 01
|x DE-L327
|8 00
|s s
|a Wirtschaftspolitik/Deutschland/1933-1939
|
| 982 |
|
|
|2 2453
|1 01
|x DE-L327
|8 00
|s s
|a Wirtschaftsbeziehungen/Ostmitteleuropa/1933-1939
|
| 982 |
|
|
|2 2453
|1 01
|x DE-L327
|8 00
|s s
|a Wirtschaftsgeschichte/Rumänien/1933-1939
|
| 982 |
|
|
|2 2453
|1 01
|x DE-L327
|8 00
|s s
|a Wirtschaftsgeschichte/Jugoslawien/1933-1939
|
| 982 |
|
|
|2 2453
|1 01
|x DE-L327
|8 00
|s s
|a Außenpolitik/Deutschland/1933-1939
|
| 982 |
|
|
|2 2453
|1 01
|x DE-L327
|8 01
|s g
|a Deutschland
|
| 982 |
|
|
|2 2453
|1 01
|x DE-L327
|8 01
|s g
|a Rumänien
|
| 982 |
|
|
|2 2453
|1 01
|x DE-L327
|8 01
|s g
|a Jugoslawien
|
| 982 |
|
|
|2 2453
|1 01
|x DE-L327
|8 02
|s s
|a Wirtschaftsbeziehungen/Ostmitteleuropa/1933-1939
|
| 982 |
|
|
|2 2453
|1 01
|x DE-L327
|8 03
|s g
|a Deutschland/Jugoslawien
|
| 983 |
|
|
|2 11
|1 00
|x DE-1a
|8 00
|0 (DE-627)286406527
|a Wir B 1060 Deutschland - Jugoslawien
|
| 983 |
|
|
|2 11
|1 00
|x DE-1a
|8 01
|0 (DE-627)286406535
|a Wir B 1060 Jugoslawien - Deutschland
|
| 983 |
|
|
|2 11
|1 00
|x DE-1a
|8 02
|0 (DE-627)286406543
|a Wir B 1060 Rumänien - Deutschland
|
| 983 |
|
|
|2 11
|1 00
|x DE-1a
|8 03
|0 (DE-627)28643377X
|a Wir B 1060 Deutschland - Rumänien
|
| 983 |
|
|
|2 11
|1 00
|x DE-1a
|8 04
|0 (DE-627)286406551
|a Deutschland; Wir B 1060 Jugoslawien
|
| 983 |
|
|
|2 11
|1 00
|x DE-1a
|8 05
|0 (DE-627)28640656X
|a Jugoslawien; Wir B 1060 Deutschland
|
| 983 |
|
|
|2 11
|1 00
|x DE-1a
|8 06
|0 (DE-627)286406578
|a Rumänien; Wir B 1060 Deutschland
|
| 983 |
|
|
|2 11
|1 00
|x DE-1a
|8 07
|0 (DE-627)286433788
|a Deutschland; Wir B 1060 Rumänien
|
| 983 |
|
|
|2 22
|1 01
|x 0018
|8 00
|a 678.469:G617
|
| 983 |
|
|
|2 22
|1 01
|x 0018
|8 01
|a 678.469:G613
|
| 983 |
|
|
|2 22
|1 01
|x 0018
|8 02
|a 432.51:K2-85
|
| 983 |
|
|
|2 24
|1 01
|x 0008
|8 50
|0 (DE-627)253224780
|a gsf 970.30
|b Aussenhandel
|b Zoll
|b Geschichte 1918-1945
|
| 983 |
|
|
|2 24
|1 01
|x 0008
|8 70
|0 (DE-627)51478279X
|a gsf 970
|b Handel
|b Verkehr
|b Post
|b Geschichte 1918-1945
|
| 983 |
|
|
|2 39
|1 00
|x DE-547
|8 00
|a NQ 2462
|
| 983 |
|
|
|2 60
|1 00
|x DE-705
|8 04
|a POL 666
|
| 983 |
|
|
|2 60
|1 00
|x DE-705
|8 11
|a XA-RS
|
| 983 |
|
|
|2 60
|1 00
|x DE-705
|8 11
|a XA-BA
|
| 983 |
|
|
|2 60
|1 00
|x DE-705
|8 11
|a XA-HR
|
| 983 |
|
|
|2 60
|1 00
|x DE-705
|8 11
|a XA-MK
|
| 983 |
|
|
|2 60
|1 00
|x DE-705
|8 11
|a XA-ME
|
| 983 |
|
|
|2 60
|1 00
|x DE-705
|8 11
|a XA-SI
|
| 983 |
|
|
|2 60
|1 00
|x DE-705
|8 11
|a XA-RO
|
| 983 |
|
|
|2 2453
|1 01
|x DE-L327
|8 00
|a VII/1
|
| 983 |
|
|
|2 2453
|1 01
|x DE-L327
|8 01
|a VII/4
|
| 983 |
|
|
|2 2453
|1 01
|x DE-L327
|8 02
|a VII/3
|
| 983 |
|
|
|2 2453
|1 01
|x DE-L327
|8 03
|a XI/6
|
| 984 |
|
|
|2 11
|1 01
|x 0001
|a 112149048010
|
| 984 |
|
|
|2 20
|1 01
|x 0084
|a 84$026747059
|
| 984 |
|
|
|2 22
|1 01
|x 0018
|a 8941004389
|
| 984 |
|
|
|2 23
|1 01
|x 0830
|a 830$24895806
|
| 984 |
|
|
|2 24
|1 01
|x 0008
|a 8$0010780408
|
| 984 |
|
|
|2 39
|1 01
|x 0547
|a 547$000363316
|
| 984 |
|
|
|2 40
|1 01
|x 0007
|a 7$109338677
|
| 984 |
|
|
|2 40
|1 02
|x 7/148
|a 7/148$00153788
|
| 984 |
|
|
|2 40
|1 03
|x 0007
|a 7$224976060
|
| 984 |
|
|
|2 60
|1 01
|x 0705
|a 705/0$04859200
|
| 984 |
|
|
|2 65
|1 01
|x 3/18
|a 3/18$000019453
|
| 984 |
|
|
|2 65
|1 02
|x 3/18
|a 3/18$001120700
|
| 984 |
|
|
|2 70
|1 80
|x 89/19
|a 89$125962142
|
| 984 |
|
|
|2 72
|1 01
|x 0035
|a 35$001659049
|
| 984 |
|
|
|2 227
|1 01
|x 0056
|a 56$000525747
|
| 984 |
|
|
|2 350
|1 01
|x 8293
|a 8293000324869
|
| 985 |
|
|
|2 39
|1 01
|x 0547
|a 95/59039
|
| 985 |
|
|
|2 40
|1 02
|x 7/148
|a 88/4542
|
| 985 |
|
|
|2 40
|1 03
|x 0007
|a 88.759
|
| 985 |
|
|
|2 50
|1 01
|x 0023
|a F8° 2702:128
|
| 985 |
|
|
|2 60
|1 01
|x 0705
|a U 3198/s
|
| 985 |
|
|
|2 65
|1 01
|x 3/18
|a 18/95/3864
|
| 985 |
|
|
|2 65
|1 02
|x 3/18
|a 18/95/257
|
| 985 |
|
|
|2 70
|1 80
|x 89/19
|a BBG 2004-2230
|
| 985 |
|
|
|2 72
|1 01
|x 0035
|a F 1988. 1722
|
| 985 |
|
|
|2 227
|1 01
|x 0056
|a 89.2790
|
| 985 |
|
|
|2 350
|1 01
|x 8293
|a 2004/11958
|
| 985 |
|
|
|2 2002
|1 01
|x DE-21-106
|a 16089/90
|
| 985 |
|
|
|2 2005
|1 02
|x DE-291-313
|a 88-1157
|
| 985 |
|
|
|2 2453
|1 01
|x DE-L327
|a 1993:284
|
| 995 |
|
|
|2 24
|1 01
|x 0008
|a hb
|